[Event "EU-ch U16 Girls 27th"]
[Site "Mamaia"]
[Date "2017.09.11"]
[Round "6"]
[White "Filippova, Darya"]
[Black "Tahirova, Sevil"]
[Result "1-0"]
[WhiteElo "2046"]
[BlackElo "1756"]
[PlyCount "59"]
[EventDate "2017.09.05"]
[EventType "swiss"]
[EventRounds "9"]
[EventCountry "ROU"]
[SourceTitle "CBM 180 Extra"]
[Source "ChessBase"]
[SourceDate "2017.10.06"]
[SourceVersion "1"]
[SourceVersionDate "2017.10.06"]
[SourceQuality "1"]

1. Nf3 Nf6 2. d4 g6 3. g3 Bg7 4. Bg2 0-0 5. 0-0 d6 6. b3 Nc6 7. Bb2 Nd7 8. c4 e5 9. e3 f5 10. Nc3 e4 11. Ne1 Nf6 12. Nc2 g5 13. f3 exf3 14. Bxf3 Re8 15. Qd2 Bd7 16. Rad1 Bh6 17. e4 f4 18. gxf4 gxf4 19. Kh1 Kh8 20. Rg1 Rg8 21. Qf2 Qf8 22. Nb5 Rc8 23. e5 Rxg1+ 24. Rxg1 a6 25. exf6 axb5 26. cxb5 Na7 27. d5 Qf7 28. Bh5 Qxd5+ 29. Qf3 Qxf3+ 30. Bxf3 1-0

[Event "EU-ch U16 Girls 27th"]
[Site "Mamaia"]
[Date "2017.09.08"]
[Round "4"]
[White "Tahirova, Sevil"]
[Black "Sankova, Stella"]
[Result "1/2-1/2"]
[WhiteElo "1756"]
[BlackElo "1922"]
[PlyCount "120"]
[EventDate "2017.09.05"]
[EventType "swiss"]
[EventRounds "9"]
[EventCountry "ROU"]
[SourceTitle "CBM 180 Extra"]
[Source "ChessBase"]
[SourceDate "2017.10.06"]
[SourceVersion "1"]
[SourceVersionDate "2017.10.06"]
[SourceQuality "1"]

1. e4 c5 2. Nf3 d6 3. d4 cxd4 4. Nxd4 Nf6 5. Nc3 a6 6. Be3 e5 7. Nb3 Be7 8. f3 Be6 9. Qd2 0-0 10. 0-0-0 a5 11. Kb1 a4 12. Nc1 a3 13. b3 Ra5 14. Na4 Nbd7 15. Bb6 Nxb6 16. Qxa5 Nxa4 17. Qxa4 d5 18. c4 Bd7 19. Qa7 Qc7 20. Qe3 dxc4 21. Bxc4 b5 22. Bd3 Bc5 23. Qd2 Rd8 24. Ne2 Qb6 25. h4 Be3 26. Qc3 Re8 27. Bc2 b4 28. Qe1 Rc8 29. Nc1 Qc5 30. Bd3 Bf2 31. Qe2 Nh5 32. Qc2 Qb6 33. Bc4 Be6 34. Nd3 Bd4 35. g4 Nf6 36. Rhe1 Bxc4 37. bxc4 Bc3 38. c5 Qb5 39. Re2 Nd7 40. Rc1 Nxc5 41. Nxc5 Rxc5 42. Rd1 Bd4 43. Qd3 Qb6 44. Rc2 Rc3 45. Qe2 h6 46. Rd3 Qc6 47. Rdxc3 Bxc3 48. h5 Qd6 49. Rc1 Qb6 50. Rc2 Qg1+ 51. Rc1 Qb6 52. Rc2 Qg1+ 53. Rc1 Qb6 54. Qd1 Qf2 55. Rc2 Qb6 56. Rg2 Qe3 57. Qe2 Qd4 58. Rf2 Qb6 59. Qc2 Qe3 60. Qe2 Qb6 1/2-1/2

[Event "EU School-ch U15 Girls"]
[Site "Budva"]
[Date "2017.06.19"]
[Round "9"]
[White "Tahirova, Sevil"]
[Black "Jarocka, Liwia"]
[Result "1-0"]
[WhiteElo "1682"]
[BlackElo "1756"]
[PlyCount "119"]
[EventDate "2017.06.11"]
[EventType "swiss"]
[EventRounds "9"]
[EventCountry "MNE"]
[SourceTitle "EXT 2024"]
[Source "ChessBase"]
[SourceDate "2023.10.10"]
[SourceVersion "1"]
[SourceVersionDate "2023.10.10"]
[SourceQuality "1"]

1. e4 e5 2. Nf3 Nc6 3. d4 exd4 4. Bc4 Bc5 5. c3 Nf6 6. e5 d5 7. Bb5 Ne4 8. cxd4 Bb6 9. Qc2 0-0 10. Bxc6 bxc6 11. Qxc6 Bg4 12. Be3 Bxf3 13. gxf3 Ng5 14. Nd2 Ne6 15. Nb3 Qh4 16. 0-0-0 Rfd8 17. Kb1 a5 18. a4 g6 19. Ka2 Rab8 20. Rdg1 Qe7 21. Qc3 Qd7 22. Ra1 Qxa4+ 23. Kb1 Qc4 24. Qxc4 dxc4 25. Nxa5 Bxa5 26. Rxa5 c3 27. d5 Rxb2+ 28. Kc1 Ng7 29. Bd4 Rd2 30. Rd1 Rxd1+ 31. Kxd1 Ne6 32. Be3 c6 33. d6 f6 34. f4 Ng7 35. Kc2 Kf7 36. Ra7+ Kg8 37. Kxc3 Nf5 38. Bb6 Nxd6 39. exd6 Rxd6 40. Ra8+ Kg7 41. Ra7+ Kg8 42. Bd4 h6 43. h4 Re6 44. Kd3 Rd6 45. Rc7 g5 46. fxg5 fxg5 47. hxg5 hxg5 48. Rg7+ Kf8 49. Rxg5 Kf7 50. Kc4 Re6 51. Rg7+ Kf8 52. Rc7 Ke8 53. Kc5 Kd8 54. Rxc6 Kd7 55. Rxe6 Kxe6 56. f4 Kf5 57. Be5 Ke6 58. Kc6 Kf5 59. Kd6 Kg6 60. Ke6 1-0

[Event "EU School-ch U15 Girls"]
[Site "Budva"]
[Date "2017.06.14"]
[Round "5"]
[White "Granovskaya, Ekaterina"]
[Black "Tahirova, Sevil"]
[Result "1/2-1/2"]
[WhiteElo "1819"]
[BlackElo "1682"]
[PlyCount "48"]
[EventDate "2017.06.11"]
[EventType "swiss"]
[EventRounds "9"]
[EventCountry "MNE"]
[SourceTitle "EXT 2024"]
[Source "ChessBase"]
[SourceDate "2023.10.10"]
[SourceVersion "1"]
[SourceVersionDate "2023.10.10"]
[SourceQuality "1"]

1. e4 c5 2. Nf3 d6 3. d4 cxd4 4. Nxd4 Nf6 5. f3 a6 6. c4 e6 7. Nc3 Be7 8. Be3 0-0 9. Be2 b6 10. 0-0 Bb7 11. Rc1 Nbd7 12. a3 Rc8 13. b4 Ne5 14. Qb3 Nfd7 15. Rfd1 Nc6 16. Nxc6 Bxc6 17. Kh1 Kh8 18. f4 Rc7 19. Bf3 Qa8 20. Qb1 Rfc8 21. Qd3 f5 22. Rf1 fxe4 23. Bxe4 Bxe4 24. Nxe4 d5 1/2-1/2